| 000 | 00622nam a2200205 a 4500 | ||
|---|---|---|---|
| 005 | 20241004063725.0 | ||
| 008 | 050627s1992 mx 000 0 spa d | ||
| 020 | _a9682437636 | ||
| 035 | _aUPN01000141301 | ||
| 049 | _aCG | ||
| 050 | 4 |
_aBF39 _bS5.5 |
|
| 100 | 1 | _aSilva Rodríguez, Arturo | |
| 245 | 1 | 0 |
_aMétodos cuantitativos en psicología : _bun enfoque metodológico / _cArturo Silva Rodríguez. |
| 260 |
_aMéxico : _bTrillas, _c1992. |
||
| 300 |
_a976 p. : _bil. |
||
| 650 | 4 |
_aPsicometría _99969 |
|
| 650 | 4 |
_aPSICOLOGIA - _vMODELOS MATEMATICOS |
|
| 650 | 4 |
_aPsicología _xMetodología _95866 |
|
| 905 | _aLibro | ||
| 999 |
_c113448 _d113448 |
||